Энергические условия контактного взаимодействия частицы с основой при газотермическом напылении; Современные материалы и технологии новых поколений

Detaylı Bibliyografya
Parent link:Современные материалы и технологии новых поколений.— 2019.— [С. 198-199]
Yazar: Гуйлинь Ма
Müşterek Yazar: Национальный исследовательский Томский политехнический университет Инженерная школа новых производственных технологий Отделение материаловедения
Diğer Yazarlar: Зенин Б. С. Борис Сергеевич
Özet:Заглавие с экрана
Dil:Rusça
Baskı/Yayın Bilgisi: 2019
Seri Bilgileri:Модифицирование поверхности и покрытия
Konular:
Online Erişim:http://earchive.tpu.ru/handle/11683/56889
Materyal Türü: MixedMaterials Elektronik Kitap Bölümü
KOHA link:https://koha.lib.tpu.ru/cgi-bin/koha/opac-detail.pl?biblionumber=630518

MARC

LEADER 00000naa2a2200000 4500
001 630518
005 20231101133620.0
035 |a (RuTPU)RU\TPU\conf\31617 
035 |a RU\TPU\conf\31616 
090 |a 630518 
100 |a 20191114d2019 k y0rusy50 ca 
101 0 |a rus  |e rus 
102 |a RU 
105 |a y z 101zy 
135 |a drcn ---uucaa 
181 0 |a i  
182 0 |a b 
200 1 |a Энергические условия контактного взаимодействия частицы с основой при газотермическом напылении  |f Гуйлинь Ма, Б. С. Зенин 
203 |a Текст  |c электронный 
225 1 |a Модифицирование поверхности и покрытия 
230 |a 1 компьютерный файл (pdf; 643 Кб) 
300 |a Заглавие с экрана 
320 |a [Библиогр.: с. 199 (2 назв.)] 
463 0 |0 (RuTPU)RU\TPU\conf\31468  |t Современные материалы и технологии новых поколений  |o сборник научных трудов II Международного молодежного конгресса, г. Томск, 30 сентября - 5 октября 2019 г.  |f Национальный исследовательский Томский политехнический университет, Инженерная школа новых производственных технологий ; под ред. А. Н. Яковлева [и др.]  |v [С. 198-199]  |d 2019 
610 1 |a электронный ресурс 
610 1 |a труды учёных ТПУ 
610 1 |a контактные взаимодействия 
610 1 |a частицы 
610 1 |a газотермическое напыление 
610 1 |a температура 
610 1 |a энергия активации 
610 1 |a адгезия 
700 0 |a Гуйлинь Ма 
701 1 |a Зенин  |b Б. С.  |c специалист в области материаловедения  |c доцент Томского политехнического университета, кандидат физико-математических наук  |f 1942-  |g Борис Сергеевич  |2 stltpush  |3 (RuTPU)RU\TPU\pers\29010 
712 0 2 |a Национальный исследовательский Томский политехнический университет  |b Инженерная школа новых производственных технологий  |b Отделение материаловедения  |h 7871  |2 stltpush  |3 (RuTPU)RU\TPU\col\23508 
801 2 |a RU  |b 63413507  |c 20191118  |g RCR 
856 4 |u http://earchive.tpu.ru/handle/11683/56889 
942 |c BK